| 000 | 00634nam a22001937a 4500 | ||
|---|---|---|---|
| 005 | 20251108170042.0 | ||
| 008 | 250721s1982 xx 000 0 ara d | ||
| 082 | 1 | 4 | _aط/ق/عصم |
| 100 | 1 | _aوالي، عصمت | |
| 245 | 1 | 0 | _aالمغامرون الثلاثة في لغز الثعلب العجوز / |
| 264 | 1 |
_aالقاهره : _bدار المعارف، _c1982. |
|
| 300 | _a110ص : مصور بالألوان | ||
| 490 | 0 | _aقصص بوليسية للأولاد ؛ 145 | |
| 650 | 1 | 7 | _aالأدب العربي |
| 650 | 1 | 7 | _aالقصص العربية |
| 650 | 1 | 7 | _aأدب الأطفال |
| 942 |
_2ddc _cBK |
||
| 999 |
_c38483 _d38483 |
||